000 00842nam a2200241 i 4500
001 108624
003 ES-MaACL
005 20250820124243.0
007 t|
008 061121s1943 sp r ||||1| spa d
100 1 _aMonreal y Tejada, Luis.
_982276
245 1 4 _aLas cien mejores obras de la arquitectura española /
_cLuis Monreal y Tejada ; nota preliminar de Francisco de A. Iñiguez ; prólogo de José María Junoy.
250 _a1ª ed.
260 _aBarcelona :
_bEdiciones Selectas,
_c1943.
300 _a251 p. :
_bil. ;
_c28 cm.
490 1 _aLaus Artis Hispanicae
650 _aArquitectura española.
_910018
700 1 _aIñiguez, Francisco de A.
_965367
700 1 _aJunoy, Josep Maria,
_d1887-1955
_967306
830 1 _aLaus Artis Hispanicae
_9187102
852 _aES-MaACL
_jB-10685
999 _c108624
_d108624